000 00415nam a2200169Ia 4500
005 20250423094639.0
008 250422s9999 xx 000 0 und d
020 _a978-1-84719-238-7
100 _aHagen Graf
245 0 _aBuilding Websites with Joomla! 1.5 Beta1
260 _aBirmingham
260 _bPearson Education Deutschland
260 _c2007
300 _a358 p
650 _aComputer
942 _cBK
999 _c27873
_d27873